00270nam a22001337a 4500003000400000082001300004100001600017245002500033260003400058300000800092650000700100942001200107999001700119SGT a712bCRO aCROWE SYVIA aTOMORROW'S LANDSCAPE aLONDANbTAP PUBLICATIONc1956 a207 aAG 2ddccBK c33691d33691